000 00978nac a22003377a 4500
001 BR0505389
003 BR-BrBNA
005 20240105123234.0
008 230509b bl.|||m| |||| 00| 0 por d
040 _aBR-BrBNA
_bpor
_cBiblioteca Nacional de Agricultura
072 _aP40
090 _aP40 BR0505389
100 1 _aAduan, R.E.
100 1 _aVilela, M. de V.
100 1 _aReis Junior, F.B. dos
110 1 _aEMBRAPA, Cerrados, Planaltina (Brasil)
_93767
245 1 _aOs grandes ciclos bioquímicos do planeta
260 3 _aPlanaltina, DF (Brasil):
_c2004.
300 _a25 p.
490 _aDocumentos - EMBRAPA Cerrados (Brazil)
_vno. 119
_xISSN 1517-5111
500 _aSummary (En); 22 ref.
650 _aBIOCLIMATOLOGIA
650 _aGEOQUÍMICA
650 _aÁGUA
650 _aCARBONO
650 _aNITROGÊNIO
650 _aFÓSFOR
650 _aVARIAÇÃO SAZONAL
909 _a202312
_bLúcia Elande
_c55
_dLúcia Elande
942 _2AGRIS
_n0
_cMS
999 _c294577
_d294577